Algebra for college students. (2nd ed.) (Record no. 83884)
[ view plain ]
| 000 -LEADER | |
|---|---|
| fixed length control field | 01868nam a2200289 a 4500 |
| 008 - FIXED-LENGTH DATA ELEMENTS--GENERAL INFORMATION | |
| fixed length control field | 120416s1987 ||||||||||||||||| || u |
| 020 ## - INTERNATIONAL STANDARD BOOK NUMBER | |
| International Standard Book Number | 0871500175 |
| 050 ## - LIBRARY OF CONGRESS CALL NUMBER | |
| Classification number | QA 154.2 Kau |
| 100 ## - MAIN ENTRY--PERSONAL NAME | |
| Personal name | Kaufmann, Jerome E |
| 245 10 - TITLE STATEMENT | |
| Title | Algebra for college students. (2nd ed.) |
| 250 ## - EDITION STATEMENT | |
| Edition statement | 2nd ed. |
| 260 ## - PUBLICATION, DISTRIBUTION, ETC. | |
| Place of publication, distribution, etc. | Boston: |
| Name of publisher, distributor, etc. | Prindle, Weber & Schmidt |
| Date of publication, distribution, etc. | 1987 |
| 300 ## - PHYSICAL DESCRIPTION | |
| Extent | xiii, 612p. (60) : ill. |
| 350 ## - | |
| -- | 0.00 |
| 500 ## - GENERAL NOTE | |
| General note | 23 copies in SB LIBRARY |
| 650 #0 - SUBJECT ADDED ENTRY--TOPICAL TERM | |
| Topical term or geographic name entry element | ALGEBRA |
| 650 #0 - SUBJECT ADDED ENTRY--TOPICAL TERM | |
| Topical term or geographic name entry element | ALGEBRAS, LINEAR |
| 995 ## - | |
| -- | TEXTBOOKS (SB) |
| -- | 0.00 |
| -- | 01488 |
| -- | CBU-SCHOOL TEXTBOOK COLLECTIONS |
| -- | 1 |
| -- | 0.00 |
| -- | SCHOOL TEXTBOOK |
| -- | 6 |
| -- | AVAILABLE |
| -- | Sep 22, 2009 |
| -- | 01488 |
| -- | School Collections |
| 995 ## - | |
| -- | SHORT LOAN BOOKS |
| -- | 0.00 |
| -- | 723050 |
| -- | CBU-MAIN LIBRARY (Kitwe) |
| -- | 2 |
| -- | 31.70 |
| -- | QA 154.2 Kau |
| -- | 2 |
| -- | AVAILABLE |
| -- | 011027 |
| -- | Short Loan Collection |
| 995 ## - | |
| -- | TEXTBOOKS (SB) |
| -- | 0.00 |
| -- | 01489 |
| -- | CBU-SCHOOL TEXTBOOK COLLECTIONS |
| -- | 1 |
| -- | 0.00 |
| -- | SCHOOL TEXTBOOK |
| -- | 7 |
| -- | AVAILABLE |
| -- | Sep 22, 2009 |
| -- | 01489 |
| -- | School Collections |
| 995 ## - | |
| -- | TEXTBOOKS (SB) |
| -- | 0.00 |
| -- | 01491 |
| -- | CBU-SCHOOL TEXTBOOK COLLECTIONS |
| -- | 1 |
| -- | 0.00 |
| -- | SCHOOL TEXTBOOK |
| -- | 9 |
| -- | AVAILABLE |
| -- | Sep 22, 2009 |
| -- | 01491 |
| -- | School Collections |
| 995 ## - | |
| -- | TEXTBOOKS (SB) |
| -- | 0.00 |
| -- | 01487 |
| -- | CBU-SCHOOL TEXTBOOK COLLECTIONS |
| -- | 1 |
| -- | 0.00 |
| -- | SCHOOL TEXTBOOK |
| -- | 5 |
| -- | AVAILABLE |
| -- | Sep 22, 2009 |
| -- | 01487 |
| -- | School Collections |
| 995 ## - | |
| -- | MAIN LIBRARY OPEN ACCESS |
| -- | 0.00 |
| -- | 723051 |
| -- | CBU-MAIN LIBRARY (Kitwe) |
| -- | 1 |
| -- | 31.70 |
| -- | QA 154.2 Kau |
| -- | 4 |
| -- | LOST |
| -- | 723051 |
| -- | Main Library Open Access Collection |
| 995 ## - | |
| -- | TEXTBOOKS (SB) |
| -- | 0.00 |
| -- | 01490 |
| -- | CBU-SCHOOL TEXTBOOK COLLECTIONS |
| -- | 1 |
| -- | 0.00 |
| -- | SCHOOL TEXTBOOK |
| -- | 8 |
| -- | AVAILABLE |
| -- | Sep 22, 2009 |
| -- | 01490 |
| -- | School Collections |
| 995 ## - | |
| -- | SHORT LOAN BOOKS |
| -- | 0.00 |
| -- | 723048 |
| -- | CBU-MAIN LIBRARY (Kitwe) |
| -- | 4 |
| -- | 31.70 |
| -- | QA 154.2 Kau |
| -- | 1 |
| -- | AVAILABLE |
| -- | 011026 |
| -- | Short Loan Collection |
| 995 ## - | |
| -- | SHORT LOAN BOOKS |
| -- | 0.00 |
| -- | 723049 |
| -- | CBU-MAIN LIBRARY (Kitwe) |
| -- | 3 |
| -- | 31.70 |
| -- | QA 154.2 Kau |
| -- | 3 |
| -- | AVAILABLE |
| -- | 011028 |
| -- | Short Loan Collection |
| 999 ## - | |
| -- | 83884 |
| -- | 83884 |
| Withdrawn status | Lost status | Source of classification or shelving scheme | Damaged status | Not for loan | Permanent Location | Current Location | Shelving location | Date acquired | Total Checkouts | Full call number | Barcode | Date last seen | Copy number | Price effective from | Koha item type |
|---|---|---|---|---|---|---|---|---|---|---|---|---|---|---|---|
| CBU-MAIN LIBRARY, KITWE. | CBU-MAIN LIBRARY, KITWE. | 01/08/2024 | QA 154.2 Kau | 011027 | 01/08/2024 | 2 | 01/08/2024 | SHORT LOAN COLLECTION | |||||||
| CBU-MAIN LIBRARY, KITWE. | CBU-MAIN LIBRARY, KITWE. | 01/08/2024 | QA 154.2 Kau | 723051 | 01/08/2024 | 6 | 01/08/2024 | MONOGRAPH | |||||||
| CBU-MAIN LIBRARY, KITWE. | CBU-MAIN LIBRARY, KITWE. | 01/08/2024 | QA 154.2 Kau | 011026 | 01/08/2024 | 8 | 01/08/2024 | SHORT LOAN COLLECTION | |||||||
| CBU-MAIN LIBRARY, KITWE. | CBU-MAIN LIBRARY, KITWE. | 01/08/2024 | QA 154.2 Kau | 011028 | 01/08/2024 | 9 | 01/08/2024 | SHORT LOAN COLLECTION | |||||||
| CBU-SCHOOL TEXT BOOK COLLECTION | CBU-SCHOOL TEXT BOOK COLLECTION | 01/08/2024 | SCHOOL TEXTBOOK | 01488 | 01/08/2024 | 1 | 01/08/2024 | MONOGRAPH | |||||||
| CBU-SCHOOL TEXT BOOK COLLECTION | CBU-SCHOOL TEXT BOOK COLLECTION | 01/08/2024 | SCHOOL TEXTBOOK | 01489 | 01/08/2024 | 3 | 01/08/2024 | MONOGRAPH | |||||||
| CBU-SCHOOL TEXT BOOK COLLECTION | CBU-SCHOOL TEXT BOOK COLLECTION | 01/08/2024 | SCHOOL TEXTBOOK | 01491 | 01/08/2024 | 4 | 01/08/2024 | MONOGRAPH | |||||||
| CBU-SCHOOL TEXT BOOK COLLECTION | CBU-SCHOOL TEXT BOOK COLLECTION | 01/08/2024 | SCHOOL TEXTBOOK | 01487 | 01/08/2024 | 5 | 01/08/2024 | MONOGRAPH | |||||||
| CBU-SCHOOL TEXT BOOK COLLECTION | CBU-SCHOOL TEXT BOOK COLLECTION | 01/08/2024 | SCHOOL TEXTBOOK | 01490 | 01/08/2024 | 7 | 01/08/2024 | MONOGRAPH |